| 000 | 00438nam a2200169Ia 4500 | ||
|---|---|---|---|
| 008 | 131103s9999 xx 000 0 und d | ||
| 040 | _aLoreto College | ||
| 041 | _aEnglish | ||
| 082 |
_a843.91/MAU _bLCLIB/14575 |
||
| 100 | _aMaupassant | ||
| 245 |
_aScenes de la vie de province _cMaupassant |
||
| 260 |
_aFrance _bBordas _c1966 |
||
| 300 |
_a190p. _c 18cm. |
||
| 650 | _aFrance fiction | ||
| 850 | _aLCLIB/843.91/MAU | ||
| 942 | _cBK | ||
| 999 |
_c24369 _d74848 |
||